000 02276cam a22004814i 4500
003 PE-LiUPU
005 20250731173155.0
008 150623s1984 wau r 000 0 eng d
035 _a(Sirsi) a28742
040 _aPE-LiUPU
_beng
_cPE-LiUPU
_erda
082 0 4 _a286.7
_bH71
_221
082 0 4 _a286.7
_bH71 1984
100 1 _aHolmes, C. Raymond,
_eautor.
245 1 0 _aSing a new song :
_bworship renewal for Adventists today /
_cRaymond Holmes, C.
300 _aBerrien Springs, Mich. :
_bAndrews University Press,
_c1984.
336 _atext
_2rdacontent
337 _aunmediated
_2rdamedia
338 _avolume
_2rdacarrier
505 0 _aAdventist worship in contemporary and biblical context -- Adventist worship in theological context -- Adventist worship illustraates adventist beliefs -- Adventist worship and the ministry of the word in mission -- Adventist worship and its meaning.
526 _aSEG42
526 _aSEG41
526 _aSEG40
526 _aSEG39
526 _aP94
526 _aP87
526 _aP86
526 _aP85
526 _aP77
526 _aP76
526 _aP35
650 0 4 _aCulto público.
942 _2ddc
_cBOOK
949 _a286.7 H71
_wDEWEY
_c1
_i30934
_lCCODEBUL1
_mBUL
_p00.00
_r0
_sY
_tBOOK
_u2015-06-24
_xBIBLIOTECA
_zUNKNOWN
_0COMPRA
_o.STAFF. Colección General
949 _a286.7 H71
_wDEWEY
_c2
_i27200
_lCCODEBUL1
_mBUL
_p00.00
_r0
_sY
_tBOOK
_u2015-06-24
_xBIBLIOTECA
_zUNKNOWN
_0COMPRA
_o.STAFF. Colección General
949 _a286.7 H71 1984
_wDEWEY
_c1
_iFT01135
_lCCODEBUT1
_mBUT
_p{Dolar}10.00
_r0
_sY
_tBOOK
_u2018-06-22
_xBIBLIOTECA
_zUNKNOWN
_o.STAFF. Colección General Tarapoto
596 _a1 2
999 _a286.7 H71
_wDEWEY
_c36024
_i30934
_d36024
_f2019-12-11
_g5
_lDISCARD
_mBUL
_q1
_r1
_sY
_tBOOK
_u2015-6-24
_xTEOLOGIA
_zUNKNOWN
_0COMPRA
_o.STAFF. Colección General
999 _a286.7 H71
_wDEWEY
_c2
_i27200
_f2021-11-12
_g6
_lCCODEBUL1
_mBUL
_r0
_sY
_tBOOK
_u2015-6-24
_xTEOLOGIA
_zUNKNOWN
_0COMPRA
_o.STAFF. Colección General
999 _a286.7 H71 1984
_wDEWEY
_c1
_iFT01135
_f2019-2-20
_g1
_lCCODEBUT1
_mBUT
_p10.00
_r0
_sY
_tBOOK
_u2018-6-22
_xBIBLIOTECA
_zUNKNOWN
_0DONACION
_o.STAFF. Colección General Tarapoto
980 _81
_gALBERTO SANCHEZ Responsable de Automatización